Une lettre suffit pour répondre juste #83 (attention 10 lettres tuent) - Statistiques

Statistiques générales
  • Ce quiz a été pris 50 fois
  • Le résultat moyen est 3 sur 6
Statistiques - réponses
Hint Réponse % Correct
Donne une des 5 lettres qui complète le début de la chanson Vivre pour le meilleur de Johnny Hallyday : Des gens qui cherchent la lumière En pleine nuit Des gens qui courent après l'amour Et qui le fuient Des bras qui se lèvent pour un dieu Qu'ils ne voient pas Moi, j'ai ta _ _ _ _ _ contre ma _ _ _ _ _ En ça je crois CHAIR
100%
Donne une des 4 lettres du titre en version original (de 4 lettres) de cette série TV
LOST
65%
Donne une des 3 lettres du titre décerné chaque année (voire même chaque match) au joueur ayant réalisé la plus grosse saison sur le plan individuel, mais aussi sur le plan collectif dans les sports US MVP
38%
Donne une des 2 lettres qui complète le nom de ce club de Football professionnel de l'Isère : _ _ 38
GF
33%
Donne la lettre qui complète cette suite logique : _HAT, _ HO, _ HEN, _HY W
18%
Donne la 1ere lettre du nom de cette série TV dans le style drame, néo-western qui a démarré en 2018 :
Y (Yellowstone)
5%
Aucun quiz correspondant
Distribution des résultats
% des personnes avec chaque résultat
Percentile par nombre de réponses
Votre historique - résultats
Vous n’avez pas pris ce quiz